| 000 | 00747nam a2200229Ia 4500 | ||
|---|---|---|---|
| 008 | |||
| 020 | _a8122402801 (pbk.) | ||
| 049 | _aMAIN | ||
| 090 | _aTC809SAT | ||
| 100 | 1 | _aMurty, C. Satyanarayana. | |
| 245 | 1 | 0 |
_aDesign of minor irrigation and canal structures / _cC. Satyanarayana Murty. |
| 260 |
_aNew Delhi : _bWiley Eastern., _cc1990. |
||
| 300 |
_axv, 296 p., [2] folded leaves : _bill. ; _c24 cm. |
||
| 650 | 0 | _aIrrigation engineering. | |
| 650 | 0 |
_aIrrigation canals and flumes _xDesign and construction. |
|
| 650 | 0 |
_aIrrigation _xEquipment and supplies. |
|
| 907 |
_a.b10008317 _b31-01-06 _c17-04-03 |
||
| 003 | |||
| 005 | 20230123133650.0 | ||
| 040 | _cNUST | ||
| 942 |
_cBOOKS _kTC809SAT |
||
| 999 |
_c152513 _d152513 |
||